[Event "HEM-Meister"]
[Site "Hamburg"]
[Date "2024.05.24"]
[Round "7.1"]
[White "Rolf, Marco"]
[Black "Wenzel, Birger"]
[Result "1-0"]
[WhiteElo "2051"]
[BlackElo "2055"]
[PlyCount "77"]
[EventDate "2024.??.??"]
[WhiteTeam "TV Fischbek Suederelbe"]
[BlackTeam "SK Johanneum Eppendorf"]

1. d4 Nf6 2. c4 e6 3. Nf3 b6 4. g3 Bb7 5. Bg2 Be7 6. O-O O-O 7. Nc3 Ne4 8. Qc2 Nxc3 9. Qxc3 d6 10. Qc2 f5 11. b4 Be4 12. Qb3 Bf6 13. Bb2 Nc6 14. Rfd1 Qd7 15. Ne5 Qe8 16. Nf3 Rb8 17. Rac1 b5 18. c5 Bd5 19. Qc3 a5 20. bxa5 b4 21. Qe3 b3 22. a3 Nxa5 23. Nd2 Bxg2 24. Kxg2 Qc6+ 25. f3 Qd5 26. Qc3 Nc6 27. cxd6 Bxd4 28. Qxc6 Bxb2 29. Qxd5 exd5 30. dxc7 Rbc8 31. Rc6 Rfe8 32. Nxb3 Rxe2+ 33. Kh3 Re7 34. Rd2 Bxa3 35. Rdc2 Kf7 36. Nd4 Bb4 37. Nb5 d4 38. Na7 d3 39. Nxc8 1-0

[Event "HEM-Meister"]
[Site "Hamburg"]
[Date "2024.05.24"]
[Round "7.2"]
[White "Malchereck, Zion"]
[Black "Schell, Franz Jürgen"]
[Result "0-1"]
[WhiteElo "1968"]
[BlackElo "1996"]
[PlyCount "162"]
[EventDate "2024.??.??"]
[WhiteTeam "Hamburger SK von 1830 eV"]
[BlackTeam "Bramfelder SK 1947 e.V."]

1. e4 e6 2. d4 d5 3. Nc3 Bb4 4. e5 c5 5. a3 Bxc3+ 6. bxc3 Nc6 7. Qg4 g6 8. h4 h6 9. h5 g5 10. Bd3 Qa5 11. Bd2 c4 12. Bf1 Bd7 13. f4 f5 14. Qf3 g4 15. Qe3 Qa4 16. Ra2 Nge7 17. Kf2 O-O-O 18. g3 Kb8 19. Bg2 Na5 20. Qe1 Be8 21. Qb1 Nac6 22. Ne2 Rh7 23. Rb2 Nc8 24. Qa2 b5 25. Rbb1 Nb6 26. Qb2 a6 27. Nc1 Qa5 28. Na2 Na4 29. Qc1 Rb7 30. Nb4 Na7 31. Ke3 Qb6 32. Bf1 a5 33. Na2 Qc6 34. Be2 Bf7 35. Rh2 Qe8 36. Qh1 Nc8 37. Rh4 Ncb6 38. Rh2 Na8 39. Rh4 Nc7 40. Qh2 Qe7 41. Bc1 Ne8 42. Qh1 Ng7 43. Qh2 Ka7 44. Ra1 Rbb8 45. Rb1 Ka6 46. Ra1 Rh8 47. Bd2 Kb6 48. Bc1 Rh7 49. Rb1 Rbh8 50. Ra1 Qd8 51. Bd2 Qe7 52. Bc1 Ra8 53. Rb1 Rhh8 54. Ra1 Rhb8 55. Rb1 Kc7 56. Kf2 Be8 57. Ke3 Nb6 58. Qh1 Nc8 59. Ra1 Na7 60. Bd2 Nc6 61. Rh2 Kd8 62. Kf2 Bf7 63. Rh4 Qa7 64. Rb1 Ne8 65. Be3 Rb6 66. Bd2 Qe7 67. Bc1 Nc7 68. Ke3 Be8 69. Rh2 Rab8 70. Qe1 Na6 71. Qd1 b4 72. axb4 axb4 73. Nxb4 Ncxb4 74. cxb4 Rxb4 75. Rxb4 Qxb4 76. Bd2 Qb2 77. c3 Qa2 78. Rh1 Rb2 79. Qc1 Ba4 80. Rg1 Nb8 81. Bd1 Rb1 0-1

[Event "HEM-Meister"]
[Site "Hamburg"]
[Date "2024.05.24"]
[Round "7.3"]
[White "Bracker, Arne"]
[Black "Schroeder, Christoph"]
[Result "1-0"]
[WhiteElo "2289"]
[BlackElo "2183"]
[PlyCount "107"]
[EventDate "2024.??.??"]
[WhiteTeam "Hamburger SK von 1830 eV"]
[BlackTeam "SK Johanneum Eppendorf"]

1. e4 c5 2. Nf3 d6 3. d4 cxd4 4. Nxd4 Nf6 5. Nc3 g6 6. Be3 Bg7 7. f3 Nc6 8. Qd2 O-O 9. O-O-O d5 10. exd5 Nxd5 11. Nxc6 bxc6 12. Bd4 Bxd4 13. Qxd4 Qb6 14. Na4 Qc7 15. Nc5 Rd8 16. Bc4 Bf5 17. Bb3 Nf4 18. Qf2 Rxd1+ 19. Rxd1 Rd8 20. Rxd8+ Qxd8 21. a3 h5 22. Na4 Qd4 23. Qxd4 Ne2+ 24. Kd2 Nxd4 25. Nc5 Nxb3+ 26. Nxb3 Kf8 27. Na5 Bd7 28. Kc3 Ke8 29. Kd4 Kd8 30. h4 Kc7 31. Kc5 f6 32. f4 Be8 33. g3 Bd7 34. b4 Be8 35. c3 Bd7 36. a4 a6 37. Nb3 Bh3 38. Nd4 Bd7 39. c4 Kb7 40. Nb3 Kc7 41. Nd4 Kb7 42. Nc2 Bf5 43. Ne3 Kc7 44. b5 axb5 45. cxb5 cxb5 46. Nd5+ Kd7 47. a5 Be4 48. a6 Kc8 49. Nxe7+ Kc7 50. a7 b4 51. Kb5 Kd7 52. Nxg6 Ke6 53. Kc5 Kf5 54. Ne7+ 1-0

[Event "HEM-Meister"]
[Site "Hamburg"]
[Date "2024.05.24"]
[Round "7.4"]
[White "Mandelkow, Elias"]
[Black "Keyser, Robin"]
[Result "0-1"]
[WhiteElo "1870"]
[BlackElo "2194"]
[PlyCount "86"]
[EventDate "2024.??.??"]
[WhiteTeam "Hamburger SK von 1830 eV"]
[BlackTeam "SK Johanneum Eppendorf"]

1. d4 Nf6 2. c4 e6 3. Nc3 Bb4 4. a3 Bxc3+ 5. bxc3 Nc6 6. f3 b6 7. e4 Na5 8. Bd3 Ba6 9. Qe2 d6 10. f4 Qd7 11. Nf3 O-O-O 12. Rb1 Qc6 13. Nd2 e5 14. O-O exf4 15. Rxf4 Rhe8 16. Kh1 Re7 17. Bb2 Rde8 18. h3 Kb8 19. Rf5 Nd7 20. Bc1 Kc8 21. c5 Bxd3 22. Qxd3 dxc5 23. d5 Qb7 24. c4 Ne5 25. Qc3 Qa6 26. Bb2 Naxc4 27. Nxc4 Qxc4 28. Qxc4 Nxc4 29. Bxg7 Nd6 30. Rh5 Nxe4 31. Rxh7 f6 32. Rh8 Rxh8 33. Bxh8 Kd7 34. Kh2 Kd6 35. Re1 c4 36. h4 c3 37. h5 Rh7 38. Rxe4 Rxh8 39. Rc4 Rxh5+ 40. Kg3 Kxd5 41. Rxc3 c5 42. a4 Kd4 43. Rc1 c4 0-1

[Event "HEM-Meister"]
[Site "Hamburg"]
[Date "2024.05.24"]
[Round "7.5"]
[White "Reddmann, Hauke"]
[Black "Mondorf, Karl-Josef"]
[Result "1-0"]
[WhiteElo "2131"]
[BlackElo "1849"]
[PlyCount "63"]
[EventDate "2024.??.??"]
[WhiteTeam "SK Wilhelmsburg 1936 eV"]
[BlackTeam "Volksdorfer SK 1948"]

1. d4 Nf6 2. c4 e6 3. Nc3 Bb4 4. Qc2 O-O 5. Bf4 d5 6. e3 c5 7. a3 Bxc3+ 8. bxc3 cxd4 9. exd4 b6 10. Nf3 Bb7 11. cxd5 Bxd5 12. Bd3 h6 13. Ne5 Nbd7 14. O-O Bb7 15. Rfe1 Rc8 16. Rac1 Nxe5 17. Rxe5 Ng4 18. Rh5 f5 19. Rh3 g5 20. Bd2 Qd5 21. f3 Kh7 22. Re1 Nf6 23. Re5 Qd6 24. Qc1 Kg6 25. g4 Nd7 26. Re2 Rf6 27. Rg3 Kf7 28. gxf5 exf5 29. Bxg5 hxg5 30. Qxg5 Rg6 31. Qxf5+ Kg7 32. Rxg6+ 1-0